| 000 | 01527nam0a22002891 4500 | ||
|---|---|---|---|
| 001 | rc\7739 | ||
| 005 | 20050318131450.8 | ||
| 035 | _a(NLR Aleph) 008762735 | ||
| 090 |
_a7875372 _c7875373 |
||
| 100 | _a20021204d1991 u |0rusy50 ca | ||
| 101 | 0 | _arus | |
| 102 | _aRU | ||
| 105 | _aa ||||||||| | ||
| 200 | 1 |
_aАКТУАЛЬНЫЕ проблемы экспериментальной лихенологии в СССР _eПо материалам 1 Всесоюз. рабочего совещ. "Физиол.-биохим. и ультраструктур. исслед. лишайников в СССР", Ленинград, 1988 г. _fПод ред. Н.С. Голубковой |
|
| 210 |
_aЛ. _cБ. и. _d1991 |
||
| 215 |
_a102 с. _cил. _d21 |
||
| 225 | 1 |
_aТруды Ботанического института имени В.Л. Комарова _fАН СССР. Ботан. ин-т им. В.Л. Комарова _vВып. 1 |
|
| 320 | _aБиблиогр. в конце ст. | ||
| 606 | 1 |
_aЛишайники _yСССР _jСборники _2nlr_sh1 |
|
| 702 | 1 |
_aГолубкова _bН. С. _gНина Сергеевна _4340 |
|
| 712 | 1 | 2 |
_a"Физиолого-биохимические и ультраструктурные исследования лишайников в СССР", всесоюзное рабочее совещ. _d1 _f1988 _eЛенинград |
| 801 | 0 |
_aRU _bNLR _gpsbo |
|
| 801 | 1 |
_aRU _bELAR _2rusmarc |
|
| 801 | 2 |
_aRU _bNLR _c20050318 _2rusmarc |
|
| 852 |
_aNLR _jП7/2337 |
||
| 942 | _cBOOK | ||
| 980 | _aNB | ||